Diffusion in Minerals and Melts (Record no. 33719)
[ view plain ]
| 000 -LEADER | |
|---|---|
| fixed length control field | 00578nam a22002057a 4500 |
| 005 - DATE & TIME | |
| control field | 20230406165709.0 |
| 008 - FIXED-LENGTH DATA ELEMENTS--GENERAL INFORMATION | |
| fixed length control field | 230118b |||||||| |||| 00| 0 hin d |
| 020 ## - ISBN | |
| International Standard Book Number | 9780939950867 |
| 040 ## - CATALOGING SOURCE | |
| Original cataloging agency | NISER LIBRARY |
| 041 ## - Language | |
| Language | English |
| 082 ## - UDC Number | |
| Classification number | 55 |
| Book Number | ZHA-D |
| 100 ## - MAIN ENTRY--PERSONAL NAME | |
| Personal name | Zhang, Youxue |
| 245 ## - TITLE STATEMENT | |
| Title | Diffusion in Minerals and Melts |
| 260 ## - PUBLICATION, DISTRIBUTION, ETC. (IMPRINT) | |
| Place of publication, distribution, etc | Virginia: |
| Name of publisher, distributor, etc | Mineralogical Society of America; |
| Date of publication, distribution, etc | 2010. |
| 300 ## - PHYSICAL DESCRIPTION | |
| Pages | xvii, 1038p. |
| Other Details | pbk. |
| 440 ## - Series Statement | |
| Series Title | RiMG |
| Number | 72 |
| 650 ## - Subject | |
| Subject | MINERALOGY |
| -- | GEOCHEMISTRY |
| -- | MASS TRANSFER |
| -- | DIFFUSION |
| 700 ## - Added Entry Personal Name | |
| Added Entry Personal Name | Cherniak, Daniele J |
| 942 ## - ADDED ENTRY ELEMENTS (KOHA) | |
| Koha item type | Book |
| Withdrawn status | Lost status | Source of classification or shelving scheme | Damaged status | Not for loan | Location (home branch) | Sublocation or collection (holding branch) | Date acquired | Koha issues (times borrowed) | Koha full call number | Barcode (Accession No.) | Koha date last seen | Price effective from | Koha item type |
|---|---|---|---|---|---|---|---|---|---|---|---|---|---|
| Universal Decimal Classification | NISER LIBRARY | NISER LIBRARY | 25/11/2022 | 55 ZHA-D | 24105 | 18/01/2023 | 18/01/2023 | Book |